Tyler, The Creator Songs as Emojis - Statistics

General Stats
  • This quiz has been taken 1,145 times
  • The average score is 7 of 10
Answer Stats
Hint Answer % Correct
🎈 Balloon
96%
🆕🪄 New Magic Wand
96%
🐶🦷 Dogtooth
90%
👦🟰🔫 A Boy is a Gun
76%
🍋👱‍♂️ Lemonhead
74%
👩‍⚖️ Judge Judy
71%
🪵🪓 Lumberjack
68%
🥵💨 Hot Wind Blows
52%
👀🫵🔄 See You Again
47%
💭😵 Thought I Was Dead
46%
No matching quizzes found
Score Distribution
Percent of People with Each Score
Percentile by Number Answered
Your Score History
You have not taken this quiz